Normal view
MARC view
- MUSAHIB ALI
Entry Personal Name
001 - CONTROL NUMBER
- control field: 70384
003 - CONTROL NUMBER IDENTIFIER
- control field: NUST
005 - DATE AND TIME OF LATEST TRANSACTION
- control field: 20210628204439.0
008 - FIXED-LENGTH DATA ELEMENTS
- fixed length control field: 210628|| aca||aabn | a|a d
040 ## - CATALOGING SOURCE
- Original cataloging agency: NUST
- Transcribing agency: NUST
100 ## - HEADING--PERSONAL NAME
- Personal name: MUSAHIB ALI
670 ## - SOURCE DATA FOUND
- Source citation: Work cat.: (NUST): MUSAHIB ALI, , TH-SOF-1001-TO DEVELOP A METHODOLOGY TO IMPROVE AIR CONDITIONING OF AN OPERATIONAL DATA CENTRE FOR ENERGY EFFICIENCY, 2014
